00615 a2200193 450000100060000002000150000604000240002110000210004524000340006624500290010030000080012936200090013744000120014665000310015894200070018995201040019695201040030099900170040469117 a8508097808 cAnchieta - Itaigara aAzevedo, Ricardo10aContos de bichos do matolpor10aContos de bichos do mato a1040 a2005 1aÁtica 4aLiteratura infanto-juvenil cBK 00104070a88.1b88.1d2023-11-21l0o028.5 AZE CONp1134/ITAr2023-11-21 20:03:33w2023-11-21yBK 00104070a88.1b88.1d2023-11-21l0o028.5 AZE CONp1135/ITAr2023-11-21 20:03:33w2023-11-21yBK c69117d69117